000 01048cam a2200229 4500
001 L136415
008 070130n2007 000 0 eng u
035 _a(Sirsi) u136415
041 0 _aeng
050 0 4 _a306.1 $2 18
110 1 _aUnited Kingdom
_bDepartment for Communities and Local Government
_94939
245 0 0 _aEnglish house condition survey
_b2005 headline report
_h[electronic resource]
260 _aLondon
_bDCLG
_c2007
490 0 _aDCLG English House Condition Survey
_v2005
520 _aPresents headline findings from the 2005 survey and provides an update of progress towards providing better living conditions in England. Focuses on three key policy areas: decent homes; liveability - the quality of the local environment; and deprivation.
590 _aKA NTK
650 2 4 _aDCLG ENGLISH HOUSE CONDITION SURVEY
651 4 _aEngland
_y886-
690 _aResidential property
_96266
856 4 0 _uhttps://www.communities.gov.uk/index.asp?id=1505833
_zView the survey free of charge at www.communities.gov.uk...
942 _n0
999 _c106386
_d106386